| 000 | 00673nam a2200217 i 4500 | ||
|---|---|---|---|
| 001 | 36412 | ||
| 003 | ES-MaACL | ||
| 005 | 20230906155350.0 | ||
| 007 | t| | ||
| 008 | 030218s1952 sp ||||1| spa d | ||
| 100 | 1 |
_aAlexander, Robert William. _919777 |
|
| 245 | 1 | 3 |
_aLa lombriz en el anzuelo / _cpor Joan Butler ; [traducción del inglés por C. García Mercadal]. |
| 250 | _a[1ª ed.]. | ||
| 260 |
_aBarcelona : _bJosé Janés, _c1952 ( _fMiguza) |
||
| 300 |
_a255 p. ; _c20 cm. |
||
| 490 | 1 | _aAl monigote de papel | |
| 700 | 1 |
_aGarcía Mercadal, C. _954943 |
|
| 830 | 0 |
_aAl monigote de papel _9181405 |
|
| 852 |
_aES-MaACL _jD-8269 _bR.32603 |
||
| 999 |
_c36412 _d36412 |
||